Nghiên cứu tổng hợp một số dẫn xuất của axit asiatic phân lập từ cây rau má [Centella asiatica (L.) urban] và thăm dò hoạt tính sinh học của chúng
Tổng quan lý thuyết; Phương pháp thực nghiệm; Kết quả và thảo luận...
Salvato in:
| Autore principale: | |
|---|---|
| Altri autori: | |
| Natura: | Libro |
| Pubblicazione: |
Đà Nẵng
Đại học Đà Nẵng
2012
|
| Soggetti: | |
| Tags: |
Aggiungi Tag
Nessun Tag, puoi essere il primo ad aggiungerne! !
|
| Thư viện lưu trữ: | Mạng thư viện Đại học Đà Nẵng |
|---|
| LEADER | 01606nam a2200325 4500 | ||
|---|---|---|---|
| 001 | 000017771 | ||
| 003 | 14197 | ||
| 005 | 20130830150828.0 | ||
| 008 | 130530s2012 sd | ||
| 082 | |a 664.022 |b HU-T | ||
| 100 | |a Huỳnh Thị Thanh Tâm | ||
| 245 | |a Nghiên cứu tổng hợp một số dẫn xuất của axit asiatic phân lập từ cây rau má [Centella asiatica (L.) urban] và thăm dò hoạt tính sinh học của chúng |c Huỳnh Thị Thanh Tâm ; Trần Văn Lộc hướng dẫn. |k Luận văn Thạc sĩ | ||
| 260 | |a Đà Nẵng |b Đại học Đà Nẵng |c 2012 | ||
| 300 | |a 81 tr., phụ lục 8 tr. |b Hình mh. |c 29 cm. | ||
| 500 | |a Luận văn thạc sĩ Khoa học. Chuyên ngành: Hóa hữu cơ. Mã số: 60.44.27. | ||
| 520 | |a Tổng quan lý thuyết; Phương pháp thực nghiệm; Kết quả và thảo luận... | ||
| 650 | 0 | 4 | |a Cây rau má |v Luận văn tốt nghiệp |x Nghiên cứu |
| 650 | 0 | 4 | |a Centella (L) Urban. |v Luận văn tốt nghiệp |x Nghiên cứu |
| 653 | |a Centella (L) Urban. |a Hóa hữu cơ |a Cây rau má | ||
| 700 | |a Trần Văn Lộc |c T.S |e Hướng dẫn | ||
| OWN | |a LSP | ||
| AVA | |a UDN50 |b LSP |d 664.022 HU-T |e available |t Error 5001 Not defined in file expand_doc_bib_avail. |f 1 |g 0 |h N |i 0 |k 1 | ||
| 999 | |a From the UDN01 | ||
| AVA | |a UDN50 |b LSP |d 664.022 HU-T |e available |t Error 5001 Not defined in file expand_doc_bib_avail. |f 1 |g 0 |h N |i 0 |k 1 | ||
| TYP | |a Monograph | ||
| TYP | |a Printed language | ||
| 980 | |a Mạng thư viện Đại học Đà Nẵng | ||